000 00230nam a2200097Ia 4500
008 170620s9999 xx 000 0 und d
100 _aSingh- Arvind
245 0 _aNaveen Vigyan Shikshan
260 _bShahitya Prakashan- Agra
260 _c2014
300 _a151
999 _c28074
_d28074